Statistics for Analogies #1

Click here to take the quiz!

General Stats

  • This quiz has been taken 48,722 times
    (36,865 since last reset)
  • The average score is 12 of 22

Answer Stats

This is to This As... % Correct
Sheqel is to IsraelYen is to {Japan}
91%
Koala is to EucalyptusGiant Panda is to {Bamboo}
91%
8 is to Octagon5 is to {Pentagon}
88%
Cents are to DollarPence are to {Pound}
82%
Eiffel Tower is to ParisSpace Needle is to {Seattle}
76%
Bruce Wayne is to Batman{Peter} {Parker} is to Spiderman
74%
Kit is to Fox{Joey} is to Kangaroo
69%
Romeo is to MontagueJuliet is to {Capulet}
67%
Saddam Hussein is to IraqMuammar Gaddafi is to {Libya}
66%
Dr. Evil is to Austin PowersProfessor Moriarty is to
{Sherlock} {Holmes}
65%
Mello Yellow is to
Mountain Dew
Mr. Pibb is to {Dr}. {Pepper}
63%
Hoover is to Vacuum{Xerox} is to Copier
52%
Sol is to Sun{Terra} is to Earth
50%
Lough is to Ireland{Loch} is to Scotland
42%
$100 is to Ben Franklin$10 is to {Alexander} {Hamilton}
38%
Dig'em Frog is to
Honey Smacks
{Toucan} {Sam} is to
Froot Loops
36%
Las Vegas is to
United States
{Macau} is to China
35%
Olympia is to Washington{Lansing} is to Michigan
35%
Achilles is to Greece{Hector} is to Troy
30%
George Clinton is to
Parliament Funkadelic
Jerry Garcia is to
{The} {Grateful} {Dead}
27%
Kicked is to BucketBought is to {Farm}
27%
Wall Street is to Finance{Madison} {Avenue} is to
Advertising
20%

Score Distribution

Percentile by Number Answered

Percent of People with Each Score

Your Score History

You have not taken this quiz since the last reset